000 01218nam a2200325 c 4500
003 BLK
005 20240815142241.0
008 180411b bul|||||r ||||||| ||bul||
010 _aKNG00205944000
040 _aBLK
041 _aBUL
_cBUL
080 _aХранителни продукти. Приготвяне на храната
_b641
_x
_z641
100 1 _aСаралиев, Петър
_eпърви автор
_9347510
139 _aСаралиев, Петър
_bС 20
245 1 0 _aГотварска книга за мъже
_bСб. рецепти
_cПетър Саралиев.
250 _a2. изд.
257 _aBGR
260 София
_bЗемиздат
_c1984
_fСофия : ДП Г. Димитров
300 _a115 с., 8 л.
_bил.
_c21 см
380 _a62
500 _a1. изд. 1984. - 100 100 тир., 400 000 доп. тир.
650 4 _aГотварство - рецепти
_9241856
653 _aготварски рецепти
852 _aЦб 131517
856 4 _qpdf
_u
856 4 _qpdf
_u
942 _cKNG
_n0
_03
944 _aCR
_c09.05.2017
_lХристина Везирева
_k30535
944 _aED
_c26.05.2017
_lф /
_kЛюдмила_Стоянова
999 _c196671
_d196671